MARC

LEADER 00000nam2a2200000 4500
001 72540
005 20231031083527.0
035 |a (RuTPU)RU\TPU\book\77349 
090 |a 72540 
100 |a 20050126d1960 k y0rusy50 ca 
101 1 |a rus  |c cze 
102 |a RU 
105 |a a z 001zy 
200 0 |a Т. 1 
210 |d 1960 
215 |a 738 с.  |c ил. 
320 |a Библиография в конце разделов. 
461 1 |0 (RuTPU)RU\TPU\book\78319  |t Химия мономеров  |o перевод с чешского  |f П. В. Вацулик  |g Под ред. И. Л. Кнунянца  |v Т. 1  |d 1960- 
610 1 |a мономеры 
610 1 |a химия 
610 1 |a виниловые мономеры 
610 1 |a этилен 
610 1 |a изобутилен 
610 1 |a стирол 
610 1 |a виниламины 
610 1 |a винилкетоны 
610 1 |a ненасыщенные мономеры 
610 1 |a бутадиен 
610 1 |a изопрен 
610 1 |a хлоропрен 
610 1 |a диметилбутадиен 
610 1 |a промышленное производство 
610 1 |a химические свойства 
610 1 |a физические свойства 
610 1 |a полимеризация 
675 |a 678  |v 3 
801 1 |a RU  |b 63413507  |c 20050126  |g PSBO 
801 2 |a RU  |b 63413507  |c 20201114  |g PSBO 
942 |c BK